[Event "HUN-chT2 Erkel 0506"]
[Site "Hungary"]
[Date "2006.03.19"]
[Round "9"]
[White "Halaj, Andras"]
[Black "Kassay, Gabor"]
[Result "1/2-1/2"]
[WhiteElo "2180"]
[BlackElo "2038"]
[PlyCount "20"]
[EventDate "2005.10.16"]
[EventType "team"]
[EventRounds "11"]
[EventCountry "HUN"]
[SourceTitle "EXT 2009"]
[Source "ChessBase"]
[SourceDate "2008.11.26"]
[SourceVersion "1"]
[SourceVersionDate "2008.11.26"]
[SourceQuality "1"]
[WhiteTeam "Paszto"]
[BlackTeam "Dunaharaszti II"]
[WhiteTeamCountry "HUN"]
[BlackTeamCountry "HUN"]

1. Nf3 Nf6 2. Nc3 g6 3. e4 d6 4. d4 Bg7 5. Be2 0-0 6. Be3 Nbd7 7. Qd2 Ng4 8. Bf4 c5 9. dxc5 Nxc5 10. Bd3 Ne6 1/2-1/2